MARC

LEADER 00000nas a2200000 a 4500
001 ssj0000612
003 WaSeSS
005 20200512172242.0
006 m d
007 cr n
008 981214c19909999nyumn pss 0 a0eng c
010 |a sn 98048211  
022 |a 1945-5097  |l 1047-5141  |y 1047-5141 
035 |a (WaSeSS)ssj0000612 
040 |a WAU  |b eng  |c WAU  |d OCLCQ  |d ATL  |d OCLCS  |d MUQ  |d NSD  |d OCLCQ  |d OCLCO  |d NOC  |d OCLCQ  |d OCLCF  |d OCLCO  |d VT2  |d OCLCQ  |d WaSeSS 
042 |a pcc  |a nsdp 
043 |a n-us--- 
050 1 4 |a BL2525 
130 0 |a First things (New York, N.Y. : Online) 
222 0 |a First things  |b (New York, N.Y. Online) 
245 1 0 |a First things  |h [electronic resource] :  |b a journal of religion and public life. 
260 |a New York :  |b Institute of Religion and Public Life 
310 |a Monthly (with combined issues June/July and Aug./Sept.) 
362 1 |a Began with no. 1 (Mar. 1990). 
506 |a License restrictions may limit access. 
538 |a Mode of access: World Wide Web. 
588 |a Description based on first issue; title from cover (ATLASerials, viewed Apr. 16. 2008). 
588 |a Latest issue consulted: Oct. 2008; viewed Sept. 24, 2008). 
648 7 |a Since 1960  |2 fast 
650 0 |a Religion and sociology  |z United States  |v Periodicals. 
650 0 |a Religion and politics  |z United States  |v Periodicals. 
650 0 |a Religion and sociology  |v Periodicals. 
650 0 |a Religion and politics  |v Periodicals. 
650 6 |a Sociologie religieuse  |z États-Unis  |v Périodiques. 
650 6 |a Religion et politique  |z États-Unis  |v Périodiques. 
650 6 |a Sociologie religieuse  |v Périodiques. 
650 6 |a Religion et politique  |v Périodiques. 
650 7 |a Religion.  |2 fast  |0 (OCoLC)fst01093763 
650 7 |a Religion and politics.  |2 fast  |0 (OCoLC)fst01093842 
650 7 |a Religion and sociology.  |2 fast  |0 (OCoLC)fst01093858 
651 0 |a United States  |x Religion  |y 1960-  |v Periodicals. 
651 6 |a États-Unis  |x Religion  |y 1960-  |v Périodiques. 
651 7 |a United States.  |2 fast  |0 (OCoLC)fst01204155 
655 0 |a Electronic journals. 
710 2 |a Institute on Religion and Public Life. 
776 0 8 |i Print version:  |t First things (New York, N.Y.)  |x 1047-5141  |w (DLC) 90656604  |w (OCoLC)220820726 
856 4 0 |z Full text available from Research Library: 03/01/2005 to present  |u https://search.proquest.com/publication/45949